[Event "Regionalliga Sued-West 1718"]
[Site "Bayern"]
[Date "2018.03.18"]
[Round "8.7"]
[White "Wesely, Wolfgang"]
[Black "Tibitanzl, Thomas"]
[Result "1-0"]
[WhiteElo "1916"]
[BlackElo "1962"]
[PlyCount "77"]
[EventDate "2017.10.22"]
[EventType "team-tourn"]
[EventRounds "9"]
[EventCountry "GER"]
[SourceTitle "EXT 2022"]
[Source "ChessBase"]
[SourceDate "2021.10.06"]
[SourceVersion "1"]
[SourceVersionDate "2021.10.06"]
[SourceQuality "1"]
[WhiteTeam "Altstadt Roter Turm"]
[BlackTeam "Zugzwang MSA II"]
[WhiteTeamCountry "GER"]
[BlackTeamCountry "GER"]

1. e4 c5 2. Nf3 a6 3. c4 g6 4. d4 Bg7 5. Be2 cxd4 6. Nxd4 Nf6 7. Nc3 d6 8. 0-0 0-0 9. Be3 Nc6 10. Nxc6 bxc6 11. Qa4 Qc7 12. Rfd1 c5 13. Bg5 Qb7 14. e5 Bd7 15. Qa3 dxe5 16. Qxc5 Bc6 17. Nd5 Bxd5 18. cxd5 Rfc8 19. Qa3 Nxd5 20. Rac1 e6 21. Rxc8+ Qxc8 22. Rc1 Qb7 23. b3 a5 24. Qd6 a4 25. bxa4 h6 26. Bd2 Rxa4 27. Qd8+ Kh7 28. Rc8 g5 29. Bh5 Nf6 30. Rb8 Qd5 31. Bxf7 Qxd8 32. Rxd8 Rxa2 33. h4 gxh4 34. Bxe6 Ra1+ 35. Kh2 Kg6 36. Bc3 Ra6 37. Bc8 Ra2 38. Rd2 Rxd2 39. Bxd2 1-0

[Event "Regionalliga SW 1314"]
[Site "Bayern"]
[Date "2014.02.23"]
[Round "7.6"]
[White "Tibitanzl, Thomas"]
[Black "Warisch, Wolfgang"]
[Result "1-0"]
[WhiteElo "1979"]
[BlackElo "1958"]
[PlyCount "141"]
[EventDate "2013.10.13"]
[EventType "team-tourn"]
[EventRounds "9"]
[EventCountry "GER"]
[SourceTitle "EXT 2015"]
[Source "ChessBase"]
[SourceDate "2014.11.20"]
[SourceVersion "1"]
[SourceVersionDate "2014.11.20"]
[SourceQuality "1"]
[WhiteTeam "MSA Zugzwang II"]
[BlackTeam "Mering"]
[WhiteTeamCountry "GER"]
[BlackTeamCountry "GER"]

1. d4 Nf6 2. Nf3 g6 3. c3 Bg7 4. Bf4 0-0 5. Nbd2 d5 6. e3 c5 7. Be2 Nc6 8. Ne5 Qb6 9. Qb3 c4 10. Qa3 Re8 11. b3 cxb3 12. axb3 Nd7 13. Nxd7 Bxd7 14. Nf3 e5 15. Nxe5 Nxe5 16. Bxe5 Bxe5 17. dxe5 Rxe5 18. 0-0 a6 19. Qa5 Qd6 20. Rfd1 Qe6 21. Rd4 Bc6 22. Bg4 Qe7 23. Bf3 Qe6 24. Rad1 Re8 25. Qa2 Re7 26. Qd2 Kg7 27. Bxd5 Bxd5 28. Rxd5 Rxd5 29. Qxd5 Qxd5 30. Rxd5 Rc7 31. Rd3 Kf6 32. Kf1 Ke5 33. Ke2 h5 34. Kd2 b5 35. Rd8 f5 36. Kd3 Rc6 37. Re8+ Kd5 38. f4 Rd6 39. Rc8 Ke6+ 40. Ke2 Kd5 41. Re8 Rc6 42. Re5+ Kd6 43. Kd3 Kc7 44. e4 fxe4+ 45. Rxe4 Rd6+ 46. Kc2 Kc6 47. b4 Rf6 48. Kd3 Kd5 49. Re5+ Kd6 50. g3 Kc6 51. Ke4 Rd6 52. Rg5 Re6+ 53. Re5 Rd6 54. f5 gxf5+ 55. Kxf5 Rd2 56. h4 Rd3 57. Rc5+ Kb6 58. Kf4 a5 59. Rxh5 a4 60. Rh6+ Kb7 61. Re6 Rxc3 62. h5 Rc4+ 63. Kf5 a3 64. Re3 a2 65. Ra3 Rc2 66. h6 Rc3 67. Rxa2 Rxg3 68. Rh2 Rg8 69. h7 Rh8 70. Rh6 Kc7 71. Kg6 1-0

[Event "Regionalliga SW 1213"]
[Site "Bayern"]
[Date "2013.04.14"]
[Round "9.3"]
[White "Tibitanzl, Thomas"]
[Black "Pitl, Gregory"]
[Result "1/2-1/2"]
[WhiteElo "1996"]
[BlackElo "2358"]
[PlyCount "54"]
[EventDate "2012.10.14"]
[EventType "team-tourn"]
[EventRounds "9"]
[EventCountry "GER"]
[SourceTitle "EXT 2015"]
[Source "ChessBase"]
[SourceDate "2014.11.20"]
[SourceVersion "1"]
[SourceVersionDate "2014.11.20"]
[SourceQuality "1"]
[WhiteTeam "MSA Zugzwang II"]
[BlackTeam "Goeggingen"]
[WhiteTeamCountry "GER"]
[BlackTeamCountry "GER"]

1. d4 Nf6 2. Nf3 e6 3. Bf4 c5 4. c3 b6 5. e3 Bb7 6. Bd3 Be7 7. Nbd2 Nh5 8. Bg3 d6 9. Qe2 a6 10. b4 cxb4 11. cxb4 Nd7 12. Rc1 h6 13. 0-0 0-0 14. Rc3 b5 15. a3 Qb6 16. Rfc1 Rfe8 17. Be4 Nxg3 18. hxg3 Nf6 19. Bxb7 Qxb7 20. Rc7 Qb8 21. Nb3 Bd8 22. R7c6 Nd5 23. Nfd2 Ne7 24. R6c2 Bb6 25. Nf3 Qb7 26. Nfd2 Qb8 27. Nf3 Qb7 1/2-1/2

[Event "Regionalliga SW 1213"]
[Site "Bayern"]
[Date "2012.11.25"]
[Round "3.5"]
[White "Schreiner, Richard"]
[Black "Tibitanzl, Thomas"]
[Result "1/2-1/2"]
[WhiteElo "2194"]
[BlackElo "1996"]
[PlyCount "83"]
[EventDate "2012.10.14"]
[EventType "team-tourn"]
[EventRounds "9"]
[EventCountry "GER"]
[SourceTitle "EXT 2015"]
[Source "ChessBase"]
[SourceDate "2014.11.20"]
[SourceVersion "1"]
[SourceVersionDate "2014.11.20"]
[SourceQuality "1"]
[WhiteTeam "Garching II"]
[BlackTeam "MSA Zugzwang II"]
[WhiteTeamCountry "GER"]
[BlackTeamCountry "GER"]

1. d4 d5 2. c4 c6 3. cxd5 cxd5 4. g3 Nf6 5. Bg2 Nc6 6. Nf3 Bf5 7. 0-0 e6 8. Qb3 Qb6 9. Qxb6 axb6 10. Nc3 Be7 11. Bf4 0-0 12. Nb5 Rfc8 13. Bd6 Kf8 14. Rfc1 Ne4 15. Bxe7+ Kxe7 16. Nh4 Nd6 17. Nxf5+ Nxf5 18. e3 Nd6 19. Nc3 Kd7 20. b3 b5 21. Bf1 Na7 22. Bd3 Rc7 23. a3 Rac8 24. Na2 Nc6 25. Kf1 Na5 26. Rxc7+ Rxc7 27. Rb1 h6 28. f3 f6 29. Ke1 e5 30. dxe5 fxe5 31. Kd2 Ke6 32. Nc3 b4 33. axb4 Nc6 34. Na2 d4 35. Rc1 Rc8 36. b5 Ra8 37. Rc2 dxe3+ 38. Kxe3 Nd4 39. Rb2 Ra3 40. Nc3 Rxb3 41. Rxb3 Nxb3 42. h4 1/2-1/2

[Event "Regionalliga SW 9596"]
[Site "Bayern"]
[Date "1996.??.??"]
[Round "?"]
[White "Tibitanzl, Thomas"]
[Black "Tudosa, Daniel"]
[Result "0-1"]
[WhiteElo "1885"]
[BlackElo "1765"]
[PlyCount "84"]
[EventDate "1995.10.??"]
[EventType "team-tourn"]
[EventRounds "9"]
[EventCountry "GER"]
[SourceTitle "EXT 1999"]
[Source "ChessBase"]
[SourceDate "1998.11.16"]
[SourceVersion "1"]
[SourceVersionDate "1998.11.16"]
[SourceQuality "1"]
[WhiteTeam "Obermenzing"]
[BlackTeam "Tuerkheim"]
[WhiteTeamCountry "GER"]
[BlackTeamCountry "GER"]

1. d4 d5 2. e4 dxe4 3. Nc3 Nf6 4. f3 e3 5. Bxe3 Bf5 6. Bc4 e6 7. Nge2 c6 8. Qd2 a5 9. Ng3 Bg6 10. Nce4 Nbd7 11. c3 Be7 12. 0-0 0-0 13. Rae1 Nb6 14. Nxf6+ Bxf6 15. Bb3 a4 16. Bc2 Nc4 17. Qf2 Nxe3 18. Rxe3 Bh4 19. f4 Qd5 20. a3 Qa2 21. Bd1 Ra5 22. Qe2 Rb5 23. Rf2 Qb1 24. Re5 Bd3 25. Qd2 Rxb2 26. Qxb2 Qxd1+ 27. Rf1 Bxf1 28. Nxf1 Qb3 29. Qxb3 axb3 30. Nd2 Ra8 31. Nxb3 Be7 32. f5 Bxa3 33. fxe6 Bd6 34. exf7+ Kxf7 35. Re2 Ra2 36. Rd2 Rc2 37. Rf2+ Ke6 38. g3 Kd5 39. Kg2 Kc4 40. Nd2+ Rxd2 41. Rxd2 Kxc3 42. Rd3+ Kxd3 0-1

[Event "Regionalliga SW 9697"]
[Site "Bayern"]
[Date "1996.??.??"]
[Round "?"]
[White "Tibitanzl, Thomas"]
[Black "Tudosa, Daniel"]
[Result "1-0"]
[WhiteElo "1905"]
[BlackElo "1935"]
[PlyCount "143"]
[EventDate "1996.10.??"]
[EventType "team-tourn"]
[EventRounds "9"]
[EventCountry "GER"]
[SourceTitle "EXT 1999"]
[Source "ChessBase"]
[SourceDate "1998.11.16"]
[SourceVersion "1"]
[SourceVersionDate "1998.11.16"]
[SourceQuality "1"]
[WhiteTeam "Obermenzing"]
[BlackTeam "Tuerkheim"]
[WhiteTeamCountry "GER"]
[BlackTeamCountry "GER"]

1. d4 Nf6 2. g4 Nxg4 3. e4 d6 4. Be2 Nf6 5. Nc3 c6 6. Bg5 Qa5 7. Qd2 Nbd7 8. Nf3 e6 9. Rg1 Be7 10. Bh4 Rg8 11. 0-0-0 b5 12. Qe3 b4 13. Rg5 d5 14. exd5 cxd5 15. Nb1 Qxa2 16. Rdg1 g6 17. Ne5 Bb7 18. Bb5 0-0-0 19. Nxf7 Ne4 20. Nxd8 Bxd8 21. Bxd7+ Kxd7 22. R5g4 h5 23. Rf4 g5 24. Rf7+ Kc8 25. f3 e5 26. fxe4 exd4 27. Qxd4 Bb6 28. Qe5 Be3+ 29. Kd1 Qxb1+ 30. Ke2 Qxc2+ 31. Kxe3 d4+ 32. Qxd4 Qb3+ 33. Ke2 Qxf7 34. Bg3 Ba6+ 35. Ke3 Kb7 36. Qxb4+ Ka8 37. Rc1 g4 38. Bf4 Rf8 39. Qd6 Qb3+ 40. Rc3 Qb6+ 41. Qxb6 axb6 42. Rc6 Kb7 43. Rc7+ Ka8 44. Rh7 Bc4 45. Rxh5 Kb7 46. Rg5 Rg8 47. Rf5 Rg6 48. Kd4 Be6 49. Ke5 Bb3 50. Rf8 b5 51. Kf5 Rg7 52. Kf6 Rd7 53. e5 Rd4 54. Kf5 Kc6 55. Kxg4 Kd7 56. h4 Ke7 57. Rf6 Bd1+ 58. Kg5 Rb4 59. h5 Rxb2 60. h6 Rg2+ 61. Kh4 Bc2 62. Bg5 Ke8 63. Rb6 Bf5 64. Kh5 Re2 65. Bf6 Kf7 66. Kg5 Bd3 67. Rb7+ Kg8 68. Rg7+ Kf8 69. Rd7 Rg2+ 70. Kf4 Bc2 71. e6 Kg8 72. h7+ 1-0

[Event "Regionalliga SW 9495"]
[Site "Bayern"]
[Date "1995.??.??"]
[Round "?.6"]
[White "Marschall, Josef"]
[Black "Tibitanzl, Thomas"]
[Result "1/2-1/2"]
[WhiteElo "2005"]
[BlackElo "1955"]
[PlyCount "40"]
[EventDate "1994.10.??"]
[EventType "team-tourn"]
[EventRounds "9"]
[EventCountry "GER"]
[SourceTitle "EXT 1999"]
[Source "ChessBase"]
[SourceDate "1998.11.16"]
[SourceVersion "1"]
[SourceVersionDate "1998.11.16"]
[SourceQuality "1"]
[WhiteTeam "Muenchen 36 II"]
[BlackTeam "Obermenzing"]
[WhiteTeamCountry "GER"]
[BlackTeamCountry "GER"]

1. d4 Nf6 2. c4 g6 3. Nc3 d5 4. cxd5 Nxd5 5. e4 Nxc3 6. bxc3 Bg7 7. Nf3 c5 8. Rb1 0-0 9. Be2 cxd4 10. cxd4 Qa5+ 11. Qd2 Qxd2+ 12. Bxd2 Nc6 13. Be3 Rd8 14. d5 Ne5 15. Nxe5 Bxe5 16. 0-0 b6 17. f4 Bg7 18. Rfd1 e5 19. dxe6 Bxe6 20. Rxd8+ Rxd8 1/2-1/2